[Event "W-ch Disabled"]
[Site "Dresden"]
[Date "2015.10.24"]
[Round "7"]
[White "Tsapalin, Sergey"]
[Black "Nerlikar, Shailesh"]
[Result "1-0"]
[WhiteElo "2060"]
[BlackElo "1479"]
[PlyCount "43"]
[EventDate "2015.10.18"]
[EventType "swiss"]
[EventRounds "7"]
[EventCountry "GER"]
[SourceTitle "CBM 168 Extra"]
[Source "ChessBase"]
[SourceDate "2015.10.29"]
[SourceVersion "1"]
[SourceVersionDate "2015.10.29"]
[SourceQuality "1"]

1. d4 d5 2. c4 c6 3. Nf3 Nf6 4. e3 e6 5. Nbd2 Bd6 6. Bd3 0-0 7. 0-0 Nbd7 8. e4 dxe4 9. Nxe4 Nxe4 10. Bxe4 Nf6 11. Bc2 h6 12. Qd3 c5 13. Be3 Qc7 14. dxc5 Bxc5 15. Bxc5 Qxc5 16. Rfe1 Qc7 17. Rad1 g6 18. Ne5 Kg7 19. Re3 b6 20. Nxg6 fxg6 21. Qxg6+ Kh8 22. Qxh6+ 1-0

[Event "W-ch Disabled"]
[Site "Dresden"]
[Date "2015.10.20"]
[Round "3"]
[White "Gerasimova, Olga"]
[Black "Nerlikar, Shailesh"]
[Result "1-0"]
[WhiteElo "2058"]
[BlackElo "1479"]
[PlyCount "33"]
[EventDate "2015.10.18"]
[EventType "swiss"]
[EventRounds "7"]
[EventCountry "GER"]
[SourceTitle "CBM 168 Extra"]
[Source "ChessBase"]
[SourceDate "2015.10.29"]
[SourceVersion "1"]
[SourceVersionDate "2015.10.29"]
[SourceQuality "1"]

1. e4 e6 2. Qe2 c5 3. Nf3 Nc6 4. g3 g6 5. Bg2 Bg7 6. c3 Nge7 7. 0-0 0-0 8. Rd1 d5 9. d3 b5 10. e5 a5 11. d4 cxd4 12. cxd4 Ba6 13. Bf4 Nf5 14. Bg5 Nfxd4 15. Nxd4 Qxg5 16. Nxc6 Rfc8 17. f4 1-0

[Event "W-ch Disabled"]
[Site "Dresden"]
[Date "2015.10.19"]
[Round "2"]
[White "Nerlikar, Shailesh"]
[Black "Strekalovski, Viktor"]
[Result "1-0"]
[WhiteElo "1479"]
[BlackElo "1939"]
[PlyCount "53"]
[EventDate "2015.10.18"]
[EventType "swiss"]
[EventRounds "7"]
[EventCountry "GER"]
[SourceTitle "CBM 168 Extra"]
[Source "ChessBase"]
[SourceDate "2015.10.29"]
[SourceVersion "1"]
[SourceVersionDate "2015.10.29"]
[SourceQuality "1"]

1. d4 Nf6 2. c4 e5 3. dxe5 Ne4 4. Nf3 Nc6 5. a3 a5 6. Nbd2 Nc5 7. Nb3 Ne6 8. Bd2 b6 9. Bc3 Bb7 10. e3 Be7 11. Be2 0-0 12. 0-0 Re8 13. Qc2 Bf8 14. Rad1 a4 15. Nc1 Ng5 16. Qf5 Nxf3+ 17. Bxf3 Re6 18. Bd5 Qe8 19. Bxe6 fxe6 20. Qg4 h5 21. Qe2 Qg6 22. f4 d6 23. exd6 Bxd6 24. Rf3 Bf8 25. Rg3 Qf7 26. Rg5 Bc5 27. Rxg7+ 1-0